নয়া আন্তর্জাতিক অর্থনৈতিক ব্যবস্থা / (Record no. 59275)
[ view plain ]
| 000 -LEADER | |
|---|---|
| fixed length control field | 01149nam a2200253 a 4500 |
| 001 - CONTROL NUMBER | |
| control field | 59275 |
| 003 - CONTROL NUMBER IDENTIFIER | |
| rucl marc code | BD-RjUL |
| 005 - DATE AND TIME OF LATEST TRANSACTION | |
| control field | 20211209080719.0 |
| 008 - FIXED-LENGTH DATA ELEMENTS--GENERAL INFORMATION | |
| fixed length control field | 161222s1985 bg ||||| |||| 00| 0 ben d |
| 035 ## - SYSTEM CONTROL NUMBER | |
| System control number | (BD-RjUL)59399 |
| 040 ## - CATALOGING SOURCE | |
| Original cataloging agency | BD-RjUL |
| Language of cataloging | ben |
| Transcribing agency | BD-RjUL |
| Modifying agency | BD-RjUL |
| 041 ## - LANGUAGE CODE | |
| Language code of text/sound track or separate title | ben |
| 082 ## - DEWEY DECIMAL CLASSIFICATION NUMBER | |
| Edition number | 23 |
| Classification number | 338.9 |
| Author mark and year | RAN 1985 |
| 100 ## - MAIN ENTRY--PERSONAL NAME | |
| Personal name | রহমান, এস. এম. মাহফুজুর |
| 9 (RLIN) | 176300 |
| 245 10 - TITLE STATEMENT | |
| Title | নয়া আন্তর্জাতিক অর্থনৈতিক ব্যবস্থা / |
| Statement of responsibility, etc. | এস. এম. মাহফুজুর রহমান, আবু নাসের খান |
| 260 ## - PUBLICATION, DISTRIBUTION, ETC. (IMPRINT) | |
| Place of publication, distribution, etc. | ঢাকা : |
| Name of publisher, distributor, etc. | বাংলা একাডেমী, |
| Date of publication, distribution, etc. | ১৯৮৫. |
| 300 ## - PHYSICAL DESCRIPTION | |
| Pagination | ১০২ পৃ. ; |
| Size | ১৯ সেমি. |
| 490 ## - SERIES STATEMENT | |
| Series statement | ভাষা-শহীদ গ্রন্থমালা |
| 650 ## - SUBJECT ADDED ENTRY--TOPICAL TERM | |
| Topical term or geographic name as entry element | অর্থনীতি উন্নয়ন ও প্রবৃদ্ধি |
| 9 (RLIN) | 176301 |
| Topical term or geographic name as entry element | Economics development and growth |
| 9 (RLIN) | 176302 |
| 700 ## - ADDED ENTRY--PERSONAL NAME | |
| Personal name | খান, আবু নাসের |
| 830 ## - SERIES ADDED ENTRY--UNIFORM TITLE | |
| Uniform title | ভাষা-শহীদ গ্রন্থমালা |
| 942 ## - ADDED ENTRY ELEMENTS (KOHA) | |
| Source of classification or shelving scheme | Dewey Decimal Classification |
| Koha item type | Books |
| Lost status | Source of classification or shelving scheme | Damaged status | Not for loan | Collection code | Permanent Location | Current Location | Shelving location | Date acquired | Source of acquisition | Cost, normal purchase price | Total Checkouts | Full call number | Date last seen | Copy number | Koha item type |
|---|---|---|---|---|---|---|---|---|---|---|---|---|---|---|---|
| Dewey Decimal Classification | Not For Loan | Non-fiction | Central Library, University of Rajshahi | Central Library, University of Rajshahi | Reading Room | 29/03/1987 | Bangla Academy, Dhaka. | 15.00 | B 338.9 RAN 1985 | 22/12/2016 | C-1 | Books | |||
| Dewey Decimal Classification | Non-fiction | Central Library, University of Rajshahi | Central Library, University of Rajshahi | 29/03/1987 | Bangla Academy, Dhaka. | 15.00 | B 338.9 RAN 1985 | 27/02/2017 | C-2 | Books |